Wszyscy zwycięzcy Serie A - nagła śmierć - Statystyki

Ogólne statystyki
  • Ten quiz został rozwiązany 481 razy
  • Średni wynik to 7 z 16
Answers on the Grid
Answers color-coded by a green-red scale on the quiz's grid according to % correct below.
Bologna
FC Pro Vercelli
Lecce
Empoli
Torino
Roma
Sampdoria
Udinese
Parma
Napoli
Inter Mediolan
Genoa
Atalanta
AC Milan
Como
Citta di Casale
Lazio
Juventus
Venezia
Hellas Verona
Monza
Fiorentina
Sassuolo
Bari
Frosinone
Cagliari
ASD Novese
Palermo
Brescia
Spezia
Benevento
Salernitana
 
Statystyki odpowiedzi
Odpowiedź % Poprawnych
Napoli
76%
Roma
76%
AC Milan
75%
Juventus
75%
Inter Mediolan
70%
Lazio
56%
Bologna
46%
Fiorentina
42%
Torino
38%
Sampdoria
35%
Genoa
26%
FC Pro Vercelli
21%
Hellas Verona
17%
Cagliari
12%
ASD Novese
10%
Citta di Casale
8%
Nie znaleziono quizów pasujących do podanych kryteriów
Rozkład punktacji
Procent ludzi z każdym wynikiem
Percentyl według liczby udzielonych odpowiedzi
Twoja historia wyników
Nie rozwiązałeś tego quizu